Music Quiz

Random Music or Bands Quiz

10 to 1: Classic Rock Songs II Quiz Stats

 Plays Quiz Updated Apr 19, 2016

Challenge
Share
Tweet
Embed
Score 0/55 Timer 06:00
60 Plays Today
% Correct
Bohemian Rhapsody
93.2%
Another One Bites the Dust
91.8%
Comfortably Numb
89.7%
Satisfaction
89.5%
Stairway to Heaven
89.5%
Killer Queen
86.9%
Back in Black
86.1%
Paint It Black
86%
Highway to Hell
85%
Jumpin' Jack Flash
85%
Brown Sugar
84.8%
Bad Moon Rising
84%
Wish You Were Here
83.7%
Sympathy for the Devil
82.6%
Start Me Up
82.1%
Gimme Shelter
81.6%
All Along the Watchtower
80.8%
Purple Haze
80.8%
Smoke on the Water
80.7%
Have You Ever Seen the Rain
80.5%
You Shook Me All Night Long
80.5%
Whole Lotta Love
80.1%
Angie
80.1%
Black Dog
79.6%
Somebody to Love
79.4%
Immigrant Song
78.8%
Kashmir
78.8%
Fortunate Son
78.6%
% Correct
Hot for Teacher
77.7%
You're My Best Friend
77.2%
Beast of Burden
75.9%
Proud Mary
75.7%
Thunderstruck
74.2%
Lola
72.7%
Dazed and Confused
71%
The Great Gig in the Sky
70.7%
Panama
69.5%
I Want to Break Free
69.4%
Runnin' With the Devil
68.5%
Don't Stop Me Now
68.4%
Hey You
68.4%
Time
68.3%
Pigs (Three Different Ones)
67.3%
Up Around the Bend
66.2%
Echoes
65.9%
Us and Them
64.9%
All Day and All of the Night
62.3%
Have a Cigar
60.5%
Over the Hills and Far Away
60.5%
Green River
59.2%
Learning to Fly
57.4%
Babe I'm Gonna Leave You
57%
Eruption
55.8%
Dance the Night Away
54.9%
Waterloo Sunset
49.6%

You're not logged in!

Compare scores with friends on all Sporcle quizzes.
Join for Free
OR
Log In

You Might Also Like...

Show Comments

Extras

Top Quizzes Today


Score Distribution

Your Account Isn't Verified!

In order to create a playlist on Sporcle, you need to verify the email address you used during registration. Go to your Sporcle Settings to finish the process.

Report this User

Report this user for behavior that violates our Community Guidelines.

Details: